Statistics for Countries with embassies and consulates in Austria

Click here to take the quiz!

General Stats

  • This quiz has been taken 49 times
  • The average score is 98 of 112

Answer Stats

ContinentCountry% Correct
Asia/ EuropeTurkey
100%
South AmericaArgentina
97%
South AmericaBrazil
97%
North AmericaCanada
97%
South AmericaChile
97%
AsiaChina
97%
AfricaEgypt
97%
AsiaJapan
97%
EuropeSweden
97%
EuropeUnited Kingdom
97%
North AmericaUnited States of America
97%
OceaniaAustralia
94%
EuropeBosnia and Herzegovina
94%
North AmericaCuba
94%
EuropeDenmark
94%
EuropeFinland
94%
AsiaIndia
94%
EuropeItaly
94%
North AmericaMexico
94%
OceaniaNew Zealand
94%
EuropeNorway
94%
EuropePortugal
94%
Asia/ EuropeRussia
94%
EuropeSwitzerland
94%
Europethe Netherlands
94%
EuropeAlbania
91%
AfricaAlgeria
91%
South AmericaColombia
91%
EuropeCroatia
91%
EuropeEstonia
91%
EuropeGermany
91%
EuropeGreece
91%
AsiaIndonesia
91%
AsiaIraq
91%
AfricaKenya
91%
AsiaLaos
91%
AfricaMorocco
91%
AsiaPakistan
91%
South AmericaParaguay
91%
South AmericaPeru
91%
EuropeRomania
91%
EuropeSpain
91%
EuropeUkraine
91%
South AmericaUruguay
91%
South AmericaVenezuela
91%
AsiaAfghanistan
89%
AsiaArmenia
89%
EuropeBelgium
89%
South AmericaBolivia
89%
North AmericaCosta Rica
89%
EuropeIceland
89%
AsiaIran
89%
AsiaIsrael
89%
EuropeKosovo
89%
EuropeLatvia
89%
EuropeLithuania
89%
EuropeLuxembourg
89%
AsiaMalaysia
89%
EuropeMontenegro
89%
EuropeSlovakia
89%
EuropeSlovenia
89%
AfricaSouth Africa
89%
AsiaSouth Korea
89%
AsiaThailand
89%
Asiathe Philippines
89%
EuropeVatican City
89%
EuropeAndorra
86%
AfricaAngola
86%
AsiaAzerbaijan
86%
AsiaBangladesh
86%
EuropeBulgaria
86%
EuropeCyprus
86%
North AmericaDominican Republic
86%
EuropeFrance
86%
AsiaGeorgia
86%
EuropeHungary
86%
EuropeMacedonia
86%
EuropeMalta
86%
North AmericaPanama
86%
EuropePoland
86%
AsiaQatar
86%
AsiaSaudi Arabia
86%
EuropeSerbia
86%
AsiaSyria
86%
AfricaTunisia
86%
AsiaVietnam
86%
North AmericaEl Salvador
83%
North AmericaGuatemala
83%
AsiaJordan
83%
EuropeMoldova
83%
AfricaNigeria
83%
AsiaOman
83%
AsiaUnited Arab Emirates
83%
AsiaUzbekistan
83%
AsiaKazakhstan
80%
AsiaKuwait
80%
AsiaLebanon
80%
EuropeLiechtenstein
80%
AsiaMongolia
80%
North AmericaNicaragua
80%
AsiaNorth Korea
80%
AfricaSudan
80%
AsiaTurkmenistan
80%
AfricaZimbabwe
80%
AsiaSri Lanka
77%
AsiaTajikistan
77%
AsiaYemen
74%
AsiaKyrgyzstan
71%
AfricaNamibia
69%
AsiaMyanmar
66%
AfricaIvory Coast
54%
AfricaBurkina Faso
40%

Score Distribution

Percentile by Number Answered

Percent of People with Each Score

Your Score History

You have not taken this quiz